| 000 | 01313cam a2200313 a 4500 | ||
|---|---|---|---|
| 999 |
_c27561 _d27561 |
||
| 001 | 12987642 | ||
| 003 | OSt | ||
| 005 | 20170209095059.0 | ||
| 008 | 021031s2004 ohua b 001 0 eng | ||
| 010 | _a 2002115318 | ||
| 020 | _a0324163703 | ||
| 035 | _a(DLC) 2002115318 | ||
| 040 |
_aDLC _cDLC _dDLC |
||
| 042 | _apcc | ||
| 050 | 0 | 0 | _aHB171.5 .A695 2004 |
| 082 | 0 | 0 |
_a330 _221 |
| 100 | 1 |
_aArnold, Roger A. _d2004- |
|
| 245 | 1 | 0 |
_aEconomics / _cRoger A. Arnold. |
| 250 | _a6th ed. | ||
| 260 |
_aMason, Ohio : _bThomson/South-Western, _c2004. |
||
| 300 |
_axxv, [21], 858 p. : _bcol. ill. ; _c28 cm. |
||
| 500 | _aIncludes bibliographical references and index. | ||
| 504 | _aI | ||
| 650 | 0 | _aEconomics. | |
| 856 | 4 | 2 |
_3Contributor biographical information _uhttp://www.loc.gov/catdir/enhancements/fy1104/2002115318-b.html |
| 856 | 4 | 2 |
_3Publisher description _uhttp://www.loc.gov/catdir/enhancements/fy1104/2002115318-d.html |
| 856 | 4 | 1 |
_3Table of contents only _uhttp://www.loc.gov/catdir/enhancements/fy1104/2002115318-t.html |
| 906 |
_a7 _bcbc _corignew _d3 _eepcn _f20 _gy-gencatlg |
||
| 942 |
_2lcc _cBOOKS _hHB171.5 .A695 2004 _k35238 |
||